Music Quiz

Random Music or Missing Word Quiz

Missing word: Johnny B. Goode lyrics Quiz Stats

 Plays Quiz not verified by Sporcle

Challenge
Share
Tweet
Embed
Score 0/21 Timer 03:00
0 Plays Today
% Correct
Orleans
94.9%
evergreens
93.6%
wood
92.3%
boy
92.3%
write
92.3%
guitar
92.3%
Johnny
92.3%
track
85.9%
band
85.9%
sack
83.3%
Goode
82.1%
% Correct
mother
82.1%
say
80.8%
lights
76.9%
go
76.9%
tonight
74.4%
miles
73.1%
country
70.5%
shade
69.2%
music
67.9%
rhythm
66.7%

You're not logged in!

Compare scores with friends on all Sporcle quizzes.
Join for Free
OR
Log In

You Might Also Like...

Show Comments

Extras

Top Quizzes Today


Score Distribution

Your Account Isn't Verified!

In order to create a playlist on Sporcle, you need to verify the email address you used during registration. Go to your Sporcle Settings to finish the process.

Report this User

Report this user for behavior that violates our Community Guidelines.

Details: